Vista normal
Vista MARC
Introducción a Arduino : (Registro nro. 17431)
[ vista simple ]
| 000 -Cabecera (24) | |
|---|---|
| Campo de control interno | 01438nam a22002654a 4500 |
| 001 - Número de control | |
| Campo de control | UTEA |
| 005 - Fecha y hora de la | |
| Campo de control | 20251013085556.0 |
| 006 - Campos de control - información adicional | |
| Campos de control | g||||gr||||||01 nz |
| 007 - Tipo material - Descripcion fisica - info general | |
| Tipo material | ta |
| 008 - Códigos de longitud fija (40p) | |
| Campo de control de longitud fija | 251007b pe ||||| |||| 00| 0 spa d |
| 020 ## - INTERNATIONAL STANDARD BOOK NUMBER | |
| ISBN | 9788441547056 |
| 040 ## - Origen de la Catalogacion | |
| Centro catalogador/agencia de origen | UTEA |
| 041 ## - Código de idioma (R) | |
| Código de lengua del texto/banda sonora o título independiente (R) | spa |
| 082 ## - Número de la Clasificación | |
| Número de la Clasificación | 005.13 |
| Notación Interna | B21 2023 |
| 100 ## - Autor Personal | |
| Autor Personal | Banzi Massmo |
| Término indicativo de función (R) | Autor |
| 245 ## - Titulo | |
| Titulo | Introducción a Arduino : |
| Subtitulo | La plataforma para prototipos electronicos de código abierto / |
| Mención del autor | Massimo Banzi |
| Medio físico | [Texto Impreso] |
| 250 ## - Mencion de edicion | |
| Mencion de edicion | 4ta edición |
| 260 ## - Editorial | |
| Ciudad | España; |
| Nombre de la Editorial | Editorial Anaya multimedia S.A; |
| Fecha | 2023 |
| 300 ## - Descripcion | |
| Páginas | 255 páginas; |
| Otros detalles físicos | Figuras; |
| Dimensiones | 14 x 24 cm. |
| 505 ## - Nota de contenido formateada | |
| Nota de contenido formateada Índice del Libro] | prefacio de la 4ta edición -- Introducción -- La filosofía de Arduino -- La plataforma arduino -- Empezar de verdad con arduino -- Técnicas avanzadas de entrada y salida --Processing con una lámpara arduino -- Arduino cloud -- Sistema de riego automático para el jardín -- La familia ARM de arduino -- Hablar a internet con ARM: un choque de puños conectada -- Solución de problemas -- Apéndice "A" la placa de pruebas -- Apéndice "B" lectura de resistencias y condensadores -- Apéndices "C" referencia rápida de Arduino -- Apéndice "D" lectura de diagramas esquemáticos. |
| 650 ## - Temas - Descriptores | |
| Temas - Descriptores | LA FILOSOFIA DE ARDUINO |
| 9 (RLIN) | 59663 |
| 650 ## - Temas - Descriptores | |
| Temas - Descriptores | LA PLATAFORMA DE ARDUINO |
| 9 (RLIN) | 59664 |
| 700 ## - Coautor Personal | |
| Coautor Personal | Michael Shiloh |
| Término indicativo de función (R) | Cautor |
| 9 (RLIN) | 59665 |
| 942 ## - Datos personalizados Koha | |
| Esquema de Clasificacion | Dewey Decimal Classification |
| Tipo de Documento | Libros |
| Fecha procesamiento | 2025-10-13 |
| Catalogador | Mag. Cecilio Flores Noa |
| Estado de retiro | Estado de pérdida | Fuente de Clasificacion | Estado | No para préstamo | Escuela Profesional/ Mención de Maestría | Localización permanente | Ubicación/localización actual | Ubicación en estantería | Fecha de adquisición | Fuente de adquisición | Signatura topográfica completa | Código de barras | Precio válido a partir de | Tipo de ítem Koha |
|---|---|---|---|---|---|---|---|---|---|---|---|---|---|---|
| Dewey Decimal Classification | E.P. Ingeniería de Sistemas e Informática | Biblioteca Abancay UTEA | Biblioteca Abancay UTEA | Área de Ciencias Puras y Aplicada (primer piso) | 10/13/2025 | Compra | 005.13 B21 2023 | BABA25100151 | 10/13/2025 | Libros | ||||
| Dewey Decimal Classification | E.P. Ingeniería de Sistemas e Informática | Biblioteca Cusco UTEA | Biblioteca Cusco UTEA | Biblioteca Puputi | 10/07/2025 | Compra | 005.13 B21 2023 | BCUS25100101 | 10/07/2025 | Libros |